[Event "SVK-chT2A 1920"]
[Site "Slovakia"]
[Date "2020.03.07"]
[Round "10.5"]
[White "Vadila, Ondrej"]
[Black "Curidlo, Jan"]
[Result "1/2-1/2"]
[WhiteElo "2043"]
[BlackElo "1820"]
[PlyCount "52"]
[EventDate "2019.10.26"]
[EventType "team-tourn"]
[EventRounds "11"]
[EventCountry "SVK"]
[SourceTitle "CBM 195 Extra"]
[Source "ChessBase"]
[SourceDate "2020.05.31"]
[SourceVersion "1"]
[SourceVersionDate "2020.05.31"]
[SourceQuality "1"]
[WhiteTeam "Bratislava Slovan V"]
[BlackTeam "Piestany Kupele"]
[WhiteTeamCountry "SVK"]
[BlackTeamCountry "SVK"]

1. d4 Nf6 2. Bf4 e6 3. e3 d5 4. Nd2 Nbd7 5. Ngf3 Be7 6. Bd3 c5 7. c3 0-0 8. Ne5 Re8 9. h4 Nxe5 10. dxe5 Nd7 11. Nf3 f5 12. exf6 Bxf6 13. Ng5 Nf8 14. Qc2 g6 15. 0-0-0 Bd7 16. Nxh7 Nxh7 17. Bxg6 Re7 18. Bd6 Rg7 19. Bxc5 Qa5 20. Bd4 Bxd4 21. Rxd4 Qxa2 22. Bxh7+ Rxh7 23. Rg4+ Rg7 24. Rxg7+ Kxg7 25. Rh3 Ba4 26. Qb1 Qc4 1/2-1/2

[Event "SVK-chT4 A21 1920"]
[Site "Slovakia"]
[Date "2020.01.26"]
[Round "7.1"]
[White "Curidlo, Jan"]
[Black "Slaba, Andrea"]
[Result "0-1"]
[WhiteElo "1827"]
[BlackElo "1972"]
[PlyCount "102"]
[EventDate "2019.10.13"]
[EventType "team-tourn"]
[EventRounds "11"]
[EventCountry "SVK"]
[SourceTitle "CBM 194 Extra"]
[Source "ChessBase"]
[SourceDate "2020.03.31"]
[SourceVersion "1"]
[SourceVersionDate "2020.03.31"]
[SourceQuality "1"]
[WhiteTeam "Piestany Kupele III"]
[BlackTeam "Chtelnica Kamenar"]
[WhiteTeamCountry "SVK"]
[BlackTeamCountry "SVK"]

1. Nf3 Nf6 2. d4 g6 3. Bf4 Bg7 4. e3 0-0 5. Bd3 d6 6. 0-0 Nbd7 7. Nbd2 c5 8. c3 b6 9. h3 Bb7 10. Re1 Re8 11. Bc2 e5 12. dxe5 dxe5 13. Bg5 h6 14. Bh4 e4 15. Nh2 g5 16. Bg3 Ne5 17. Bxe5 Rxe5 18. Qe2 Qc7 19. Rad1 a5 20. c4 Ree8 21. Ba4 Red8 22. Ndf1 Ne8 23. Rxd8 Rxd8 24. Rd1 Rxd1 25. Qxd1 Qd6 26. Qc1 Nf6 27. Ng3 Qe6 28. Bd1 Bc8 29. b3 Qe5 30. Qc2 Qa1 31. Nhf1 Be6 32. Kh2 h5 33. Be2 h4 34. Nxe4 Qe5+ 35. f4 Qxe4 36. Bd3 Qc6 37. fxg5 Qd6+ 38. Kh1 Nd7 39. Bh7+ Kf8 40. Qe4 Qd1 41. Kg1 Qh5 42. g6 Qe5 43. Qxh4 Qf6 44. Qe4 Bf5 45. Qb7 fxg6 46. Qc8+ Ke7 47. Qc7 Bd3 48. Nd2 Qa1+ 49. Kf2 Qe5 50. Qc6 Qf6+ 51. Qxf6+ Nxf6 0-1

[Event "SVK-chT4 A21 1920"]
[Site "Slovakia"]
[Date "2019.12.15"]
[Round "5.2"]
[White "Harasta, Marian"]
[Black "Curidlo, Jan"]
[Result "1-0"]
[WhiteElo "1645"]
[BlackElo "1827"]
[PlyCount "151"]
[EventDate "2019.10.13"]
[EventType "team-tourn"]
[EventRounds "11"]
[EventCountry "SVK"]
[SourceTitle "CBM 194 Extra"]
[Source "ChessBase"]
[SourceDate "2020.03.31"]
[SourceVersion "1"]
[SourceVersionDate "2020.03.31"]
[SourceQuality "1"]
[WhiteTeam "Skalica III"]
[BlackTeam "Piestany Kupele III"]
[WhiteTeamCountry "SVK"]
[BlackTeamCountry "SVK"]

1. d4 d5 2. c4 c6 3. Nf3 Nf6 4. e3 e6 5. Nc3 Be7 6. a3 Nbd7 7. c5 a5 8. Bd2 b5 9. cxb6 Nxb6 10. Ne5 Bb7 11. Na4 Ne4 12. Nxb6 Qxb6 13. Qc2 Nxd2 14. Qxd2 f6 15. Nd3 0-0 16. Be2 Ba6 17. 0-0 Rab8 18. Rab1 Bc4 19. b4 Bxd3 20. Bxd3 axb4 21. Rfc1 b3 22. Qb2 Rb7 23. Rc3 Rfb8 24. Rbc1 Rc7 25. Be2 c5 26. dxc5 Rxc5 27. Rxc5 Bxc5 28. a4 Qb4 29. Bb5 d4 30. Rb1 dxe3 31. Qxb3 exf2+ 32. Kf1 Qxb3 33. Rxb3 Rd8 34. Rb1 Rd2 35. g3 g5 36. a5 Ra2 37. a6 Kg7 38. Bc4 Ra5 39. Rc1 Be3 40. Rd1 e5 41. Ke2 Bd4 42. Rb1 g4 43. Bd3 Ra2+ 44. Kf1 h5 45. Kg2 Kf8 46. Rb8+ Ke7 47. Rb7+ Kd6 48. Rf7 Ra1 49. Bf1 e4 50. Rf8 e3 51. Re8 Kd5 52. Rd8+ Ke4 53. Re8+ Kf5 54. Bd3+ Kg5 55. Rg8+ Kh6 56. Rg6+ Kh7 57. Rxg4+ f5 58. Rxd4 Rg1+ 59. Kf3 f1Q+ 60. Bxf1 Rxf1+ 61. Kxe3 Kg6 62. Ra4 Re1+ 63. Kf4 Rf1+ 64. Ke3 Re1+ 65. Kf2 Re8 66. Kf3 Kg5 67. a7 Ra8 68. h4+ Kf6 69. Kf4 Ke6 70. Ra6+ Kd7 71. Kxf5 Kc7 72. Kg5 Kb7 73. Ra1 Rg8+ 74. Kxh5 Ka8 75. g4 Rh8+ 76. Kg5 1-0

[Event "SVK-chT4 A21 1920"]
[Site "Slovakia"]
[Date "2019.10.27"]
[Round "2.2"]
[White "Jakubec, Milan"]
[Black "Curidlo, Jan"]
[Result "1-0"]
[WhiteElo "1995"]
[BlackElo "1827"]
[PlyCount "101"]
[EventDate "2019.10.13"]
[EventType "team-tourn"]
[EventRounds "11"]
[EventCountry "SVK"]
[SourceTitle "CBM 193 Extra"]
[Source "ChessBase"]
[SourceDate "2020.01.31"]
[SourceVersion "1"]
[SourceVersionDate "2020.01.31"]
[SourceQuality "1"]
[WhiteTeam "Myjava Spartak"]
[BlackTeam "Piestany Kupele III"]
[WhiteTeamCountry "SVK"]
[BlackTeamCountry "SVK"]

1. e4 c5 2. Nf3 a6 3. d4 cxd4 4. Nxd4 e6 5. Bd3 Qc7 6. 0-0 Bc5 7. Nb3 Bb6 8. c4 Ne7 9. Qg4 Ng6 10. Qg3 Qxg3 11. hxg3 d6 12. Nc3 Bd7 13. Rd1 Ke7 14. Kf1 Ne5 15. Be2 Rc8 16. Nd2 f6 17. f4 Nec6 18. Nf3 g6 19. b3 Bc5 20. Na4 b6 21. Nxc5 dxc5 22. Bb2 Rd8 23. e5 f5 24. Rd6 Be8 25. Rad1 Rxd6 26. exd6+ Kd7 27. Ne5+ Nxe5 28. fxe5 Ra7 29. Kf2 Kd8 30. g4 Rf7 31. Ke3 a5 32. Bc3 Bd7 33. g3 Nc6 34. a3 Kc8 35. Rf1 Kd8 36. gxf5 gxf5 37. g4 Kc8 38. gxf5 exf5 39. Bf3 Nd8 40. Rg1 Be6 41. Bd5 Kd7 42. Rg8 Nc6 43. Ra8 f4+ 44. Kf2 Nd8 45. Ra7+ Ke8 46. Ra8 Kd7 47. Rxd8+ Kxd8 48. Bxe6 Rg7 49. Bd5 Rg3 50. Bd2 Rxb3 51. Bxf4 1-0

[Event "SVK-chT4 A21 1920"]
[Site "Slovakia"]
[Date "2019.10.13"]
[Round "1.2"]
[White "Curidlo, Jan"]
[Black "Husek, Lubomir"]
[Result "1/2-1/2"]
[WhiteElo "1827"]
[BlackElo "1889"]
[PlyCount "94"]
[EventDate "2019.10.13"]
[EventType "team-tourn"]
[EventRounds "11"]
[EventCountry "SVK"]
[SourceTitle "CBM 193 Extra"]
[Source "ChessBase"]
[SourceDate "2020.01.31"]
[SourceVersion "1"]
[SourceVersionDate "2020.01.31"]
[SourceQuality "1"]
[WhiteTeam "Piestany Kupele III"]
[BlackTeam "Holic II"]
[WhiteTeamCountry "SVK"]
[BlackTeamCountry "SVK"]

1. Nf3 Nf6 2. d4 d5 3. Bf4 c6 4. e3 e6 5. Nbd2 Bd6 6. Ne5 Bxe5 7. Bxe5 0-0 8. Be2 Nbd7 9. Bg3 Re8 10. 0-0 c5 11. c3 a6 12. a4 b6 13. h3 Bb7 14. Rc1 c4 15. b4 e5 16. dxe5 Nxe5 17. Bxe5 Rxe5 18. Nf3 Re8 19. Nd4 Qd7 20. Bf3 Re5 21. Ne2 Rg5 22. Ng3 Re8 23. Re1 Qc7 24. Qd4 Ne4 25. Bxe4 dxe4 26. Qd2 Rd5 27. Qe2 Rd3 28. Qg4 Qe5 29. Ne2 Qf6 30. Nd4 Bc8 31. Qg3 h5 32. Ne2 h4 33. Qf4 Qxf4 34. Nxf4 Rd2 35. Ne2 g5 36. Nd4 f5 37. a5 b5 38. Red1 Rd3 39. Rxd3 exd3 40. Nf3 g4 41. hxg4 fxg4 42. Nxh4 Kg7 43. g3 Kf6 44. Rd1 Bb7 45. Rd2 Be4 46. Kf1 Kg5 47. Kg1 Rf8 1/2-1/2

[Event "SVK-chT4 A21 1617"]
[Site "Slovakia"]
[Date "2016.11.06"]
[Round "3.1"]
[White "Huska, Branislav"]
[Black "Curidlo, Jan"]
[Result "0-1"]
[WhiteElo "1823"]
[BlackElo "1892"]
[PlyCount "54"]
[EventDate "2016.10.09"]
[EventType "team-tourn"]
[EventRounds "11"]
[EventCountry "SVK"]
[SourceTitle "CBM 175 Extra"]
[Source "ChessBase"]
[SourceDate "2016.12.12"]
[SourceVersion "1"]
[SourceVersionDate "2016.12.12"]
[SourceQuality "1"]
[WhiteTeam "Senica II"]
[BlackTeam "Piestany Kupele II"]
[WhiteTeamCountry "SVK"]
[BlackTeamCountry "SVK"]

1. e4 c5 2. Nf3 a6 3. d4 cxd4 4. Nxd4 g6 5. c4 Bg7 6. Be2 Nf6 7. Nc3 d6 8. 0-0 0-0 9. Be3 Nbd7 10. f4 Nc5 11. Bf3 Qc7 12. b4 Ncd7 13. Nd5 Qd8 14. Rc1 e5 15. Nb3 Re8 16. c5 dxc5 17. bxc5 exf4 18. Bxf4 Ne5 19. Nb6 Nxf3+ 20. gxf3 Bh3 21. Nxa8 Qxa8 22. Rf2 Qc8 23. Rd2 Nh5 24. Be3 Be5 25. Qc2 Qc6 26. Nd4 Qf6 27. Ne2 Qxf3 0-1

[Event "SVK-chT4 A21 1516"]
[Site "Slovakia"]
[Date "2016.01.10"]
[Round "6.6"]
[White "Curidlo, Jan"]
[Black "Hrubsa, Marian"]
[Result "1/2-1/2"]
[WhiteElo "1878"]
[BlackElo "1811"]
[PlyCount "81"]
[EventDate "2015.10.04"]
[EventType "team-tourn"]
[EventRounds "11"]
[EventCountry "SVK"]
[SourceTitle "CBM 170 Extra"]
[Source "ChessBase"]
[SourceDate "2016.02.25"]
[SourceVersion "1"]
[SourceVersionDate "2016.02.25"]
[SourceQuality "1"]
[WhiteTeam "Piestany Kupele II"]
[BlackTeam "Skalica III"]
[WhiteTeamCountry "SVK"]
[BlackTeamCountry "SVK"]

1. e4 e6 2. d4 d5 3. Nd2 Nf6 4. e5 Nfd7 5. Bd3 c5 6. c3 Nc6 7. Ne2 cxd4 8. cxd4 f6 9. exf6 Nxf6 10. 0-0 Bd6 11. h3 0-0 12. a3 Bd7 13. b4 a6 14. Nb3 b6 15. Be3 Qe8 16. Rc1 Qh5 17. Qe1 Qe8 18. Kh1 Ne7 19. f3 Bc6 20. Bf4 Qb8 21. Qh4 Be8 22. Bxd6 Qxd6 23. Rfe1 Ng6 24. Qg5 a5 25. Qd2 axb4 26. axb4 Ra4 27. Bxg6 Bxg6 28. b5 Qb4 29. Qe3 Bf7 30. Nd2 Ra3 31. Rc3 Rxc3 32. Nxc3 Rc8 33. Ndb1 Rc4 34. Rd1 Ne8 35. Qe5 h6 36. Qe3 Nd6 37. Na2 Qxb5 38. Nbc3 Qc6 39. Rb1 Nf5 40. Qf4 Rxd4 41. Qb8+ 1/2-1/2

[Event "SVK-chT4 A21 1516"]
[Site "Slovakia"]
[Date "2015.11.22"]
[Round "4.6"]
[White "Slaby, Jozef"]
[Black "Curidlo, Jan"]
[Result "1/2-1/2"]
[WhiteElo "1808"]
[BlackElo "1889"]
[PlyCount "59"]
[EventDate "2015.10.04"]
[EventType "team-tourn"]
[EventRounds "11"]
[EventCountry "SVK"]
[SourceTitle "CBM 170 Extra"]
[Source "ChessBase"]
[SourceDate "2016.02.25"]
[SourceVersion "1"]
[SourceVersionDate "2016.02.25"]
[SourceQuality "1"]
[WhiteTeam "Chtelnica Kamenar"]
[BlackTeam "Piestany Kupele II"]
[WhiteTeamCountry "SVK"]
[BlackTeamCountry "SVK"]

1. Nf3 Nf6 2. c4 c5 3. g3 g6 4. Bg2 Bg7 5. 0-0 0-0 6. Nc3 d6 7. d3 Nc6 8. a3 a6 9. Rb1 Qc7 10. Qc2 Bf5 11. b4 cxb4 12. axb4 Rac8 13. Ba3 Nb8 14. Qb3 b6 15. Rfc1 Qa7 16. b5 a5 17. e4 Bg4 18. h3 Bxf3 19. Bxf3 Nbd7 20. Ne2 Nc5 21. Qd1 e5 22. Bg2 Qe7 23. Nc3 Rfd8 24. Nd5 Nxd5 25. cxd5 Rc7 26. Rc4 Rdc8 27. h4 Rf8 28. Bb2 f5 29. exf5 gxf5 30. d4 1/2-1/2

[Event "SVK-chT4 A21 1516"]
[Site "Slovakia"]
[Date "2015.10.04"]
[Round "1.3"]
[White "Curidlo, Jan"]
[Black "Lanik, Miroslav"]
[Result "1/2-1/2"]
[WhiteElo "1879"]
[BlackElo "1906"]
[PlyCount "40"]
[EventDate "2015.10.04"]
[EventType "team-tourn"]
[EventRounds "11"]
[EventCountry "SVK"]
[SourceTitle "CBM 170 Extra"]
[Source "ChessBase"]
[SourceDate "2016.02.25"]
[SourceVersion "1"]
[SourceVersionDate "2016.02.25"]
[SourceQuality "1"]
[WhiteTeam "Piestany Kupele II"]
[BlackTeam "Senica SK II"]
[WhiteTeamCountry "SVK"]
[BlackTeamCountry "SVK"]

1. e4 c5 2. Nf3 d6 3. d4 cxd4 4. Nxd4 Nf6 5. Nc3 a6 6. Be2 e6 7. Be3 Be7 8. f4 Qc7 9. Bf3 Nbd7 10. Qd2 0-0 11. g4 Rb8 12. g5 Ne8 13. f5 Ne5 14. Be2 b5 15. f6 gxf6 16. gxf6 Bxf6 17. Bh6 Bg7 18. Rg1 Kh8 19. Qg5 f6 20. Qe3 Rg8 1/2-1/2

[Event "SVK-ch Seniors"]
[Site "Tatranske Matliare"]
[Date "2015.06.01"]
[Round "4"]
[White "Mesiarik, Rudolf"]
[Black "Curidlo, Jan"]
[Result "1/2-1/2"]
[WhiteElo "2065"]
[BlackElo "1843"]
[PlyCount "152"]
[EventDate "2015.05.30"]
[EventType "swiss"]
[EventRounds "9"]
[EventCountry "SVK"]
[SourceTitle "EXT 2017"]
[Source "ChessBase"]
[SourceDate "2016.10.25"]
[SourceVersion "1"]
[SourceVersionDate "2016.10.25"]
[SourceQuality "1"]

1. Nf3 Nf6 2. c4 c5 3. g3 g6 4. Bg2 Bg7 5. Nc3 Nc6 6. d4 cxd4 7. Nxd4 0-0 8. 0-0 a6 9. h3 Qc7 10. Nb3 d6 11. Nd5 Qd8 12. Be3 Nxd5 13. cxd5 Ne5 14. Rc1 b5 15. Nd2 Bb7 16. f4 Nd7 17. Qb3 Nc5 18. Bxc5 dxc5 19. Kh2 Rc8 20. Rfd1 Rc7 21. e4 c4 22. Qb4 Qd7 23. Rc2 Rfc8 24. Nf1 e5 25. Rf2 exf4 26. gxf4 c3 27. bxc3 Rxc3 28. Qb1 f6 29. Ng3 R8c7 30. Ne2 R3c4 31. Qd3 Qd6 32. Kh1 Bh6 33. Qg3 Bg7 34. Nd4 Bc8 35. Ne2 Rc2 36. Ng1 R7c3 37. Rf3 Rxf3 38. Nxf3 Rc3 39. Qe1 b4 40. e5 fxe5 41. fxe5 Qf8 42. Qe2 Qf4 43. e6 Re3 44. Qc2 Bc3 45. Rf1 Qc4 46. Qa4 Kg7 47. Nh2 Bxe6 48. dxe6 Qxe6 49. Qb3 Qe7 50. Qc4 a5 51. Ng4 Re6 52. Qf4 g5 53. Qg3 h5 54. Nf2 Re3 55. Qh2 Be5 56. Qg1 Bg3 57. Nd1 Re2 58. Qd4+ Be5 59. Qc4 Bf4 60. h4 Rd2 61. Nf2 Qe3 62. Nh3 Qg3 63. Nxf4 gxf4 64. Qc7+ Kg8 65. Bd5+ Rxd5 66. Rg1 Rd1 67. Qc4+ Kf8 68. Qc5+ Ke8 69. Qxh5+ Kf8 70. Rxd1 Qh3+ 71. Kg1 Qg3+ 72. Kf1 Qh3+ 73. Ke1 Qg3+ 74. Kd2 Qc3+ 75. Ke2 Qe3+ 76. Kf1 Qh3+ 1/2-1/2

[Event "SVK-chT3A2 1213"]
[Site "Slovakia"]
[Date "2013.03.24"]
[Round "11.1"]
[White "Sadlon, Juraj"]
[Black "Curidlo, Jan"]
[Result "0-1"]
[WhiteElo "1804"]
[BlackElo "1880"]
[PlyCount "136"]
[EventDate "2012.10.07"]
[EventType "team-tourn"]
[EventRounds "11"]
[EventCountry "SVK"]
[SourceTitle "EXT 2015"]
[Source "ChessBase"]
[SourceDate "2014.11.20"]
[SourceVersion "1"]
[SourceVersionDate "2014.11.20"]
[SourceQuality "1"]
[WhiteTeam "Senica CVC"]
[BlackTeam "Piestany Kupele II"]
[WhiteTeamCountry "SVK"]
[BlackTeamCountry "SVK"]

1. e4 c5 2. Nf3 d6 3. Bb5+ Bd7 4. Qe2 a6 5. Bxd7+ Nxd7 6. Nc3 e6 7. d3 Ngf6 8. 0-0 Be7 9. Bg5 h6 10. Bh4 0-0 11. e5 Nd5 12. Bxe7 Nxc3 13. bxc3 Qxe7 14. exd6 Qxd6 15. Rab1 Rab8 16. Nd2 Qc7 17. c4 Ne5 18. Nb3 b6 19. Rb2 Rfd8 20. Re1 Ng6 21. Qh5 Qf4 22. g3 Qf6 23. Reb1 Qe7 24. Nxc5 b5 25. Nxa6 Ra8 26. cxb5 Rd5 27. Qf3 Rad8 28. b6 Ne5 29. Qe2 Qb7 30. Nc7 Rc5 31. f4 Nf3+ 32. Kf2 Nxh2 33. Ke3 e5 34. Qxh2 exf4+ 35. gxf4 g6 36. Qh1 Qc8 37. Qf3 Qd7 38. Nb5 Rh5 39. Rg1 Rxb5 40. Rxb5 Qxb5 41. Kf2 Qxb6+ 42. Qe3 Qf6 43. Qe4 Rd4 44. Qe3 Rxf4+ 45. Ke2 Rf5 46. Rg4 Qc3 47. Qe8+ Kg7 48. Qa4 Qe5+ 49. Qe4 Qh2+ 50. Qg2 Qc7 51. Rc4 Re5+ 52. Kf2 Qb6+ 53. d4 Rf5+ 54. Ke3 Qe6+ 55. Kd3 Qf6 56. Rc6 Rf3+ 57. Ke2 Qxc6 58. Qxf3 Qxc2+ 59. Ke1 Qxa2 60. Qc3 Qd5 61. Kf2 h5 62. Kg3 g5 63. Kh3 Kg6 64. Kh2 g4 65. Qc2+ f5 66. Qd2 h4 67. Qb2 g3+ 68. Kg1 h3 0-1

[Event "SVK-chT2A 1213"]
[Site "Slovakia"]
[Date "2012.12.02"]
[Round "4.8"]
[White "Curidlo, Jan"]
[Black "Kolman, Richard"]
[Result "1/2-1/2"]
[WhiteElo "1880"]
[BlackElo "2067"]
[PlyCount "99"]
[EventDate "2012.10.13"]
[EventType "team-tourn"]
[EventRounds "11"]
[EventCountry "SVK"]
[SourceTitle "EXT 2015"]
[Source "ChessBase"]
[SourceDate "2014.11.20"]
[SourceVersion "1"]
[SourceVersionDate "2014.11.20"]
[SourceQuality "1"]
[WhiteTeam "Piestany Kupele"]
[BlackTeam "Bratislava DP"]
[WhiteTeamCountry "SVK"]
[BlackTeamCountry "SVK"]

1. e4 c5 2. Nf3 e6 3. d4 cxd4 4. Nxd4 Nf6 5. Nc3 Bb4 6. Bd3 e5 7. Nb3 d5 8. Bd2 Nc6 9. exd5 Nxd5 10. Nxd5 Qxd5 11. 0-0 Be6 12. Qe2 Bxd2 13. Nxd2 0-0-0 14. Rfd1 f6 15. Be4 Qc5 16. c3 Rd6 17. Nb3 Bxb3 18. axb3 Rxd1+ 19. Rxd1 g6 20. b4 Qb6 21. Qc4 Rd8 22. Qe6+ Kc7 23. Rxd8 Nxd8 24. Qe7+ Kc8 25. Qxh7 f5 26. Bd5 a5 27. Qe7 e4 28. Qc5+ Qxc5 29. bxc5 Kc7 30. b3 Nc6 31. Kf1 Ne5 32. f3 exf3 33. gxf3 Nd3 34. Bf7 Ne5 35. Bd5 Nd3 36. Bg8 Nxc5 37. b4 axb4 38. cxb4 Nd3 39. h4 Kd6 40. Bh7 Nf4 41. h5 gxh5 42. Bxf5 Ke5 43. Be4 Nd5 44. Kf2 b6 45. b5 h4 46. Kg2 Nf4+ 47. Kf2 Kd4 48. Bc6 Kd3 49. Be4+ Kd2 50. Bf5 1/2-1/2

[Event "IPCA Wch-B 11th"]
[Site "Piestany"]
[Date "2011.07.08"]
[Round "8"]
[White "Bondarets, Vadim"]
[Black "Curidlo, Jan"]
[Result "1-0"]
[WhiteElo "2323"]
[BlackElo "1845"]
[PlyCount "57"]
[EventDate "2011.07.02"]
[EventType "swiss"]
[EventRounds "9"]
[EventCountry "SVK"]
[SourceTitle "EXT 2012"]
[Source "ChessBase"]
[SourceDate "2011.11.24"]
[SourceVersion "1"]
[SourceVersionDate "2011.11.24"]
[SourceQuality "1"]

1. c4 e5 2. Nc3 Nc6 3. Nf3 Nf6 4. e4 d6 5. h3 h6 6. d4 exd4 7. Nxd4 Nxd4 8. Qxd4 c6 9. Bf4 Be6 10. Be2 Qb6 11. Qd2 Rd8 12. 0-0 Be7 13. Rad1 Rd7 14. b3 0-0 15. Bxh6 gxh6 16. Qxh6 Nh7 17. Rd3 Kh8 18. Rfd1 Rg8 19. e5 Bf5 20. Rf3 Bg5 21. Qh5 Bg6 22. Qg4 Qd8 23. Ne4 Be7 24. Nc5 Bc2 25. Qxd7 Bxd1 26. Rxf7 dxc5 27. Qf5 Rg7 28. Rxg7 Kxg7 29. Qg4+ 1-0

[Event "IPCA Wch-B 11th"]
[Site "Piestany"]
[Date "2011.07.05"]
[Round "5"]
[White "Stepanova, Faina"]
[Black "Curidlo, Jan"]
[Result "0-1"]
[WhiteElo "1451"]
[BlackElo "1845"]
[PlyCount "67"]
[EventDate "2011.07.02"]
[EventType "swiss"]
[EventRounds "9"]
[EventCountry "SVK"]
[SourceTitle "EXT 2012"]
[Source "ChessBase"]
[SourceDate "2011.11.24"]
[SourceVersion "1"]
[SourceVersionDate "2011.11.24"]
[SourceQuality "1"]

1. d4 Nf6 2. c4 e6 3. Nc3 c6 4. Nf3 d5 5. e3 Be7 6. Be2 0-0 7. Qc2 Nbd7 8. c5 Re8 9. 0-0 h6 10. b3 b5 11. a3 Bb7 12. b4 Qc7 13. h3 e5 14. dxe5 Nxe5 15. Nd4 Bc8 16. f4 Nc4 17. Bxc4 dxc4 18. e4 a6 19. Nf3 a5 20. Be3 Bf8 21. Rad1 Be6 22. f5 Bxf5 23. exf5 Rxe3 24. Rfe1 Rae8 25. Re2 axb4 26. axb4 Rxe2 27. Nxe2 Nd5 28. Qb2 Be7 29. Ned4 Bf6 30. Qb1 Qd7 31. Re1 Bxd4+ 32. Nxd4 Rxe1+ 33. Qxe1 Nxb4 34. Nxb5 0-1

[Event "IPCA Wch-B 11th"]
[Site "Piestany"]
[Date "2011.07.02"]
[Round "1"]
[White "Sergeyev, Alexander"]
[Black "Curidlo, Jan"]
[Result "1-0"]
[WhiteElo "2346"]
[BlackElo "1845"]
[PlyCount "89"]
[EventDate "2011.07.02"]
[EventType "swiss"]
[EventRounds "9"]
[EventCountry "SVK"]
[SourceTitle "EXT 2012"]
[Source "ChessBase"]
[SourceDate "2011.11.24"]
[SourceVersion "1"]
[SourceVersionDate "2011.11.24"]
[SourceQuality "1"]

1. d4 Nf6 2. Nf3 e6 3. c4 Bb4+ 4. Nbd2 0-0 5. e3 d5 6. a3 Be7 7. Qc2 h6 8. Bd3 Nbd7 9. cxd5 exd5 10. 0-0 Re8 11. b4 c6 12. Bb2 Nf8 13. b5 Bd7 14. a4 Rc8 15. Qb3 c5 16. dxc5 Bxc5 17. Bxf6 Qxf6 18. Qxd5 b6 19. Ne4 Qe7 20. Nxc5 Rxc5 21. Qb7 Rc3 22. Be2 Bg4 23. Qxe7 Rxe7 24. h3 Bc8 25. Nd4 Bb7 26. a5 Rec7 27. Rfd1 g6 28. axb6 axb6 29. Ra7 Be4 30. Ra6 Nd7 31. Bf3 Bxf3 32. gxf3 Rb7 33. Rda1 Kg7 34. Ra8 Rbc7 35. Kg2 h5 36. f4 R3c5 37. R1a6 Kf6 38. Rd8 Ke7 39. Raa8 Rc4 40. Re8+ Kd6 41. Rad8 Rb4 42. Kg3 Rcc4 43. Nc6 Rxb5 44. Ne5 Rxe5 45. fxe5+ 1-0

[Event "SVK-chT3A2 1011"]
[Site "Slovakia"]
[Date "2011.04.03"]
[Round "11.6"]
[White "Valla, Tomas"]
[Black "Curidlo, Jan"]
[Result "1-0"]
[WhiteElo "1790"]
[BlackElo "1827"]
[PlyCount "109"]
[EventDate "2010.10.17"]
[EventType "team-tourn"]
[EventRounds "11"]
[EventCountry "SVK"]
[SourceTitle "EXT 2019"]
[Source "ChessBase"]
[SourceDate "2018.10.10"]
[SourceVersion "1"]
[SourceVersionDate "2018.10.10"]
[SourceQuality "1"]
[WhiteTeam "Gbely Nafta"]
[BlackTeam "Piestany Kupele II"]
[WhiteTeamCountry "SVK"]
[BlackTeamCountry "SVK"]

1. e4 c5 2. c3 d6 3. d4 cxd4 4. cxd4 e6 5. Nc3 a6 6. Bd3 Nf6 7. Nge2 Be7 8. f3 0-0 9. Be3 b5 10. a3 Bb7 11. Qd2 Nbd7 12. g4 Nb6 13. h4 Nc4 14. Bxc4 bxc4 15. h5 Nd7 16. 0-0-0 e5 17. Kb1 Rb8 18. d5 Ba8 19. Rdg1 Nc5 20. Bxc5 dxc5 21. g5 f5 22. gxf6 Rxf6 23. Qg5 Rf7 24. Qg2 Qa5 25. Ka1 Bf6 26. Rb1 h6 27. Ng3 Rb3 28. Qc2 Bg5 29. Nf5 Qc7 30. Rhg1 Bb7 31. Qe2 Kh8 32. Qxc4 Qb6 33. Ka2 Rb5 34. Nxb5 axb5 35. Qc3 Bf6 36. Qe3 Bg5 37. Qc3 Bf6 38. Rg2 Bc8 39. Ne3 Ra7 40. Rg6 Qd6 41. Rbg1 Bd7 42. R6g2 Qb6 43. Ng4 Bxg4 44. Rxg4 c4 45. Kb1 Rf7 46. Rg6 Qc5 47. Qc1 Bg5 48. R6xg5 hxg5 49. Qxg5 c3 50. h6 c2+ 51. Kc1 Qe7 52. hxg7+ Kg8 53. Qh6 Rxg7 54. Rxg7+ Qxg7 55. Qxg7+ 1-0

[Event "SVK-chT3A2 1011"]
[Site "Slovakia"]
[Date "2011.03.13"]
[Round "10.7"]
[White "Curidlo, Jan"]
[Black "Zisek, Jaroslav"]
[Result "1-0"]
[WhiteElo "1871"]
[BlackElo "1827"]
[PlyCount "85"]
[EventDate "2010.10.17"]
[EventType "team-tourn"]
[EventRounds "11"]
[EventCountry "SVK"]
[SourceTitle "EXT 2019"]
[Source "ChessBase"]
[SourceDate "2018.10.10"]
[SourceVersion "1"]
[SourceVersionDate "2018.10.10"]
[SourceQuality "1"]
[WhiteTeam "Piestany Kupele II"]
[BlackTeam "Senica SK"]
[WhiteTeamCountry "SVK"]
[BlackTeamCountry "SVK"]

1. e4 c5 2. Nf3 d6 3. d4 cxd4 4. Nxd4 Nf6 5. Nc3 a6 6. Bg5 e6 7. f4 Be7 8. Qf3 h6 9. Bh4 Qc7 10. 0-0-0 e5 11. Bxf6 Bxf6 12. Nd5 Qd8 13. fxe5 Bxe5 14. Kb1 Nd7 15. Bc4 Nf6 16. h3 Bd7 17. Rhf1 0-0 18. Nf5 Bxf5 19. Qxf5 Nxd5 20. Bxd5 Qe7 21. Rf3 Rac8 22. Rdf1 Rc7 23. Rb3 b5 24. Qf2 Ra7 25. a3 Qc7 26. Rf3 Qe7 27. Qe3 Bf6 28. Rf5 Rc7 29. g4 Qd8 30. Qb3 Re8 31. h4 Re5 32. g5 Rxf5 33. Rxf5 hxg5 34. hxg5 Bxg5 35. Bxf7+ Kh7 36. Qg3 Bh6 37. Qg6+ Kh8 38. Rh5 Qf8 39. Bd5 Rc8 40. Rf5 Qe7 41. Be6 Re8 42. Rf7 Qxe6 43. Rf8+ 1-0

[Event "SVK-chT3A2 1011"]
[Site "Slovakia"]
[Date "2011.02.13"]
[Round "8.5"]
[White "Curidlo, Jan"]
[Black "Kosar, Mikulas"]
[Result "0-1"]
[WhiteElo "1827"]
[BlackElo "1889"]
[PlyCount "80"]
[EventDate "2010.10.17"]
[EventType "team-tourn"]
[EventRounds "11"]
[EventCountry "SVK"]
[SourceTitle "EXT 2019"]
[Source "ChessBase"]
[SourceDate "2018.10.10"]
[SourceVersion "1"]
[SourceVersionDate "2018.10.10"]
[SourceQuality "1"]
[WhiteTeam "Piestany Kupele II"]
[BlackTeam "Gabcikovo Russel"]
[WhiteTeamCountry "SVK"]
[BlackTeamCountry "SVK"]

1. e4 d5 2. exd5 Nf6 3. Bb5+ Bd7 4. Bxd7+ Qxd7 5. c4 c6 6. dxc6 Nxc6 7. d3 e5 8. Nc3 Bc5 9. Be3 Nd4 10. h3 0-0 11. Nge2 Rad8 12. Nc1 Qc6 13. 0-0 Rfe8 14. Bxd4 Bxd4 15. Qc2 Bxc3 16. bxc3 e4 17. d4 Qxc4 18. Qb3 Qc7 19. Rb1 b6 20. Ne2 e3 21. fxe3 Rxe3 22. Qc2 Rde8 23. Rbe1 Qc4 24. Kf2 Nd5 25. Qd2 Nf6 26. Qxe3 Rxe3 27. Kxe3 Qxa2 28. Kd3 Qa6+ 29. Kc2 Qa2+ 30. Kd3 Qa6+ 31. Kc2 Qc4 32. Nf4 Kf8 33. Rf3 b5 34. Nd3 Qa2+ 35. Nb2 Nd5 36. Re5 f6 37. Re1 Nb6 38. Rff1 Nc4 39. Rb1 Na3+ 40. Kd3 Nxb1 0-1